Účtovanie reklamácií

Základným predpisom, ktorý upravuje postup a zásady pri vybavovaní reklamácií je zákon č. 40/1964 Zb. Občiansky zákonník v znení neskorších predpisov. Reklamácie v účtovníctve. Reklamácie na účte 311. Reklamácie na účte 315. Reklamácie na účte 325. Daňový dobropis. Reklamácie a DPH. Účtovné prípady....

Descripción completa

Guardado en:
Detalles Bibliográficos
Autor principal: Dobšovič, Dušan
Otros Autores: Mintál, Ján
Formato: Capítulo de libro
Lenguaje:eslovaco
Materias:
Etiquetas: Agregar Etiqueta
Sin Etiquetas, Sea el primero en etiquetar este registro!

MARC

LEADER 00000naa a2200000 4500
001 r047098
005 20230711120512.3
041 0 |a slo 
044 |a SK 
245 1 0 |a Účtovanie reklamácií  |c Dušan Dobšovič, Ján Mintál 
520 |a Základným predpisom, ktorý upravuje postup a zásady pri vybavovaní reklamácií je zákon č. 40/1964 Zb. Občiansky zákonník v znení neskorších predpisov. Reklamácie v účtovníctve. Reklamácie na účte 311. Reklamácie na účte 315. Reklamácie na účte 325. Daňový dobropis. Reklamácie a DPH. Účtovné prípady. Reklamácie v príkladoch. 
610 2 0 |a reklamácie 
610 2 0 |a účtovanie 
610 2 0 |a účty 
610 2 0 |a dodávatelia 
610 2 0 |a odberatelia 
610 2 0 |a prípady účtovné 
610 2 0 |a faktúry 
100 1 |a Dobšovič, Dušan 
700 1 |a Mintál, Ján